000 00421nam a2200181Ia 4500
001 1244
005 20260306140618.0
008 260306t2008||||xx |||||||||||||| ||spa||
041 _aESP
082 _a189.4
_bT69 T. 5
100 _aTómas de Aquino, Santo
_eAUT
245 0 _aOpúsculos y cuestiones selectas
260 _c2008
300 _a
_c23 cm.
650 _aGEN
654 _aCHU
942 _cLIB
_dJUS
_fJUS
_2ddc
_n
999 _c1244
_d1244